Allianz - pojem v európskom poisťovníctve

Riaditeľka obchodného zastupiteľstva Allianz poisťovne, a.s. Bratislava Ing. Jana Benkovská o možnostiach poistenia všeobecne a špecializovane v priemyselnom poisťovníctve. Reakcia poisťovne na zmeny v osobných preferenciách a postojoch.

Na minha lista:
Detalhes bibliográficos
Autor principal: Benkovská, J.
Formato: Capítulo de Livro
Idioma:eslovaco
Assuntos:
Tags: Adicionar Tag
Sem tags, seja o primeiro a adicionar uma tag!

MARC

LEADER 00000naa a2200000 4500
001 r018738
005 20221213095607.0
041 0 |a slo 
044 |a SK 
245 1 0 |a Allianz - pojem v európskom poisťovníctve  |c J. Benkovská 
520 |a Riaditeľka obchodného zastupiteľstva Allianz poisťovne, a.s. Bratislava Ing. Jana Benkovská o možnostiach poistenia všeobecne a špecializovane v priemyselnom poisťovníctve. Reakcia poisťovne na zmeny v osobných preferenciách a postojoch. 
610 2 0 |a Slovensko 
610 2 0 |a 1993-1995 
610 2 0 |a poisťovníctvo 
610 2 0 |a poisťovne 
610 2 0 |a poistenie 
610 2 0 |a Allianz poisťovňa, a.s. Bratislava 
100 1 |a Benkovská, J.